Working smarter in tax debt management

Na minha lista:
Detalhes bibliográficos
Formato: Livro
Idioma:inglês
Publicado em: Paris OECD 2014
Assuntos:
Tags: Adicionar Tag
Sem tags, seja o primeiro a adicionar uma tag!

MARC

LEADER 00000nam a2200000 4500
001 0197613
005 20240315121424.0
020 |a 978-92-64-22324-0 
041 0 |a eng 
044 |a FR 
245 1 0 |a Working smarter in tax debt management 
264 1 |a Paris  |b OECD  |c 2014 
300 |a 106 s. 
610 2 0 |a politika daňová 
610 2 0 |a zadlženosť 
610 2 0 |a dlhy 
610 2 0 |a dáta 
610 2 0 |a analýzy 
610 2 0 |a riziko 
610 2 0 |a modely 
610 2 0 |a oživenie 
610 2 0 |a riadenie 
610 2 0 |a ukazovatele 
610 2 0 |a porovnanie medzinárodné